|
|
|
|
| LEADER |
00000nam0a2200000 4500 |
| 001 |
296955 |
| 005 |
20231102000947.0 |
| 010 |
|
|
|a 9785991204354
|
| 035 |
|
|
|a (RuTPU)RU\TPU\book\322075
|
| 090 |
|
|
|a 296955
|
| 100 |
|
|
|a 20150604d2015 km y0rusy50 ca
|
| 101 |
1 |
|
|a rus
|c pol
|
| 102 |
|
|
|a RU
|
| 105 |
|
|
|a a z 001zy
|
| 200 |
1 |
|
|a Основы нейрокибернетики
|e пер. с пол.
|f под ред. Р. Тадеусевича
|
| 210 |
|
|
|a Москва
|c Горячая линия-Телеком
|d 2015
|
| 215 |
|
|
|a 372 с.
|c ил.
|
| 320 |
|
|
|a Библиография в конце глав.
|
| 330 |
|
|
|a Систематизированы обширные сведения в области нейрокибернетики - научного направления, которое изучает принципы работы нервных систем живых организмов и закономерности процессов управления и переработки информации в таких системах. Нейрокибернетика позволяет взглянуть на нервную систему и на феномен человеческого мозга с очень специфической перспективы. Благодаря нейроанатомии мозг можно исследовать, благодаря нейрофизиологии - познать его функционирование, в то время как нейрокибернетика с помощью ее методов и моделей предоставляет уникальную возможность попытаться понять мозг.Для широкого круга специалистов, студентов и аспирантов в области информатики, кибернетики, математики, медицины, биологии. Будет полезна представителям и других наук - психологии, социологии, когнитивистики...
|
| 606 |
1 |
|
|a Нейрокибернетика
|2 stltpush
|3 (RuTPU)RU\TPU\subj\45246
|9 64500
|
| 610 |
1 |
|
|a животные
|
| 610 |
1 |
|
|a человек
|
| 610 |
1 |
|
|a нервная система
|
| 610 |
1 |
|
|a структура
|
| 610 |
1 |
|
|a кибернетические модели
|
| 610 |
1 |
|
|a нервные клетки
|
| 610 |
1 |
|
|a моделирование
|
| 610 |
1 |
|
|a построение
|
| 610 |
1 |
|
|a искусственные нейронные сети
|
| 610 |
1 |
|
|a пульсирующие нейронные сети
|
| 610 |
1 |
|
|a мозг
|
| 610 |
1 |
|
|a модели
|
| 610 |
1 |
|
|a жидкостные вычисления
|
| 610 |
1 |
|
|a патологические изменения
|
| 610 |
1 |
|
|a функционирование
|
| 610 |
1 |
|
|a молекулярные исследования
|
| 610 |
1 |
|
|a физические методы
|
| 610 |
1 |
|
|a электроэнцефалография
|
| 610 |
1 |
|
|a патология
|
| 610 |
1 |
|
|a биохимические основы
|
| 610 |
1 |
|
|a когнитивные архитектуры
|
| 610 |
1 |
|
|a искусственный интеллект
|
| 675 |
|
|
|a 681.5:57
|v 4
|
| 702 |
|
1 |
|a Тадеусевич
|b Р.
|g Рышард
|4 340
|
| 801 |
|
1 |
|a RU
|b 63413507
|c 20150604
|
| 801 |
|
2 |
|a RU
|b 63413507
|c 20151016
|g RCR
|
| 900 |
|
|
|a Основы нейрокибернетики
|
| 942 |
|
|
|c BK
|
| 959 |
|
|
|a 81/20150604
|d 1
|e 693,00
|f ЧЗТЛ:1
|